WHAT THEY DON T TEACH YOU AT HARVARD BUSINESS SCHOOL (Record no. 8117)
[ view plain ]
| 000 -LEADER | |
|---|---|
| fixed length control field | 00363nam a2200133Ia 4500 |
| 008 - FIXED-LENGTH DATA ELEMENTS--GENERAL INFORMATION | |
| fixed length control field | 240624s9999 xx 000 0 und d |
| 041 ## - LANGUAGE CODE | |
| Language code of text/sound track or separate title | eng |
| 082 ## - DEWEY DECIMAL CLASSIFICATION NUMBER | |
| Classification number | 650.1 MCC |
| 100 ## - MAIN ENTRY--PERSONAL NAME | |
| Personal name | MCCORMACK MARK H |
| 245 ## - TITLE STATEMENT | |
| Title | WHAT THEY DON T TEACH YOU AT HARVARD BUSINESS SCHOOL |
| 260 ## - PUBLICATION, DISTRIBUTION, ETC. | |
| Date of publication, distribution, etc. | 1986 |
| Place of publication, distribution, etc. | New York |
| Name of publisher, distributor, etc. | Bantam Books |
| 300 ## - PHYSICAL DESCRIPTION | |
| Extent | xvi, : 256 : p. : cm. ; 22 |
| 365 ## - TRADE PRICE | |
| Currency code | |
| Price amount | 20 |
| Withdrawn status | Lost status | Damaged status | Not for loan | Home library | Current library | Shelving location | Date acquired | Source of acquisition | Cost, normal purchase price | Total Holds | Full call number | Barcode | Date last seen | Copy number | Price effective from | Koha item type |
|---|---|---|---|---|---|---|---|---|---|---|---|---|---|---|---|---|
| IMTN | IMTN | Rack 18-B | 01/17/2008 | WBD | 7.75 | 736 | 650.1 MCC | 8117 | 06/24/2024 | 39.48 | 06/24/2024 | Books |